Fotografia : la conservació de col·leccions de fotografies / Pau Maynés i Tolosa la conservació de col·leccions de fotografies / Pau Maynés i Tolosa
ISBN:
84-393-6756-2
Descripción Física:
45 p. : il. col. ; 30 cm
Colección:
Museus. Documentació
Materias:
Fotografies -- Conservació i restauració
MARC
| LEADER | 00000nam a2200000Ia 4500 | ||
|---|---|---|---|
| 001 | 19509 | ||
| 008 | 160829s2005 xx 000 0 cat d | ||
| 020 | |a 84-393-6756-2 | ||
| 080 | |a FU-7-22 | ||
| 100 | |a Maynés i Tolosa, Pau |9 27869 | ||
| 245 | |a Fotografia : |b la conservació de col·leccions de fotografies / Pau Maynés i Tolosa | ||
| 260 | |a Barcelona : |b Generalitat de Catalunya. Departament de Cultura, |c 2005 | ||
| 300 | |a 45 p. : |b il. col. ; |c 30 cm | ||
| 490 | |a Museus. Documentació | ||
| 590 | |a Bibliografia | ||
| 650 | |a Fotografies |x Conservació i restauració |9 21097 | ||
| 710 | 2 | |a Catalunya. |b Departament de Cultura |9 52819 | |
| 901 | |a Arxiu | ||
| 942 | |n 1 | ||
| 952 | |0 0 |1 0 |4 0 |6 FU722 |7 1 |9 44576 |a Arxiu |b Arxiu |d 2016-12-01 |l 0 |o FU-7-22 |p 19509 |r 2016-12-01 00:00:00 |w 2016-12-01 |y ARXIU | ||
| 999 | |c 47157 |d 47157 | ||